Truyện cổ viết lại

Gespeichert in:
Bibliographische Detailangaben
1. Verfasser: Lê, Đạt
Format: Buch
Sprache:Undetermined
Veröffentlicht: Thành phố Hồ Chí Minh Trẻ 2006
Schlagworte:
Tags: Tag hinzufügen
Keine Tags, Fügen Sie den ersten Tag hinzu!
Thư viện lưu trữ: Trung tâm Học liệu Trường Đại học Cần Thơ
LEADER 00603nam a2200205Ia 4500
001 CTU_228434
008 210402s9999 xx 000 0 und d
020 |c 36000 
082 |a 895.9223408 
082 |b Đ110 
100 |a Lê, Đạt 
245 0 |a Truyện cổ viết lại 
245 0 |c Lê Đạt, Lê Minh Hà 
260 |a Thành phố Hồ Chí Minh 
260 |b Trẻ 
260 |c 2006 
650 |a Văn học Việt Nam,Vietnamese literature 
650 |y Thế kỷ 20,20th century 
910 |b dqhieu 
980 |a Trung tâm Học liệu Trường Đại học Cần Thơ